[Event "Belgrade Vidovdan op"]
[Site "Belgrade"]
[Date "2023.06.27"]
[Round "4"]
[White "Ignjatovic, Predrag"]
[Black "Gvozden, Nikola"]
[Result "1-0"]
[WhiteElo "2232"]
[BlackElo "1604"]
[PlyCount "89"]
[EventDate "2023.06.26"]
[EventType "swiss"]
[EventRounds "6"]
[EventCountry "SRB"]
[SourceTitle "EXT 2024"]
[Source "ChessBase"]
[SourceDate "2023.10.10"]
[SourceVersion "1"]
[SourceVersionDate "2023.10.10"]
[SourceQuality "1"]

1. e4 e6 2. d4 d5 3. Nd2 Nf6 4. e5 Nfd7 5. Bd3 c5 6. c3 Nc6 7. Ne2 Be7 8. Nf3 cxd4 9. cxd4 Bb4+ 10. Kf1 f6 11. Nf4 Qe7 12. exf6 Nxf6 13. h4 Bd7 14. g3 e5 15. dxe5 Nxe5 16. Nxe5 Qxe5 17. Qe2 Qxe2+ 18. Bxe2 0-0 19. Bf3 Bc6 20. Be3 Ne4 21. Kg2 Rf6 22. Rhd1 Raf8 23. Bxe4 dxe4 24. Nd5 Bxd5 25. Rxd5 b6 26. Rc1 Rf3 27. Rc2 h6 28. Re5 Bd6 29. Rxe4 R8f6 30. Bd4 Rf7 31. Rg4 Rd3 32. Re2 Bf8 33. Rge4 Kh7 34. h5 Rf5 35. g4 Rf7 36. Be3 Rd5 37. Rc2 Ra5 38. b3 Bd6 39. Rd2 Bf8 40. a4 Kg8 41. Rd8 Kh7 42. Ree8 Kg8 43. Bd2 Rc5 44. Bb4 Rc2 45. Rxf8+ 1-0

[Event "Belgrade-chT Quality"]
[Site "Belgrade"]
[Date "2021.10.24"]
[Round "4.7"]
[White "Gvozden, Nikola"]
[Black "Simic, Radoslav K"]
[Result "1/2-1/2"]
[WhiteElo "1241"]
[BlackElo "1852"]
[PlyCount "24"]
[EventDate "2021.10.16"]
[EventType "team-tourn"]
[EventRounds "11"]
[EventCountry "SRB"]
[SourceTitle "EXT 2023"]
[Source "ChessBase"]
[SourceDate "2022.10.05"]
[SourceVersion "1"]
[SourceVersionDate "2022.10.05"]
[SourceQuality "1"]
[WhiteTeam "Belgrade Novi"]
[BlackTeam "Belgrade Cirilo i Metodije"]
[WhiteTeamCountry "SRB"]
[BlackTeamCountry "SRB"]

1. c4 f5 2. Nc3 Nf6 3. g3 e6 4. Bg2 c6 5. e3 d5 6. cxd5 exd5 7. Nge2 Bd6 8. 0-0 0-0 9. Qb3 Nbd7 10. d4 Kh8 11. Nf4 Qe7 12. Bd2 Ne4 1/2-1/2